| 000 | 00355nam a2200121Ia 4500 | ||
|---|---|---|---|
| 008 | 180205s9999 xx 000 0 und d | ||
| 020 | _a9781138692084 | ||
| 100 | _aCarnie, Fiona | ||
| 245 |
_aAlternative approaches to education : _ba guide fro teachers and parents |
||
| 250 | _a2nd ed | ||
| 260 |
_aNew york : _bRoutledge _c2017 |
||
| 300 | _aix, 256 pages | ||
| 999 |
_c354912 _d354912 |
||